000 00529nam a2200181Ia 4500
005 20250326141756.0
008 250326s9999 xx 000 0 und d
037 _aTextbook
040 _aFMSL
_beng
_cFMSL
041 _aeng
_2eng
084 _qFMSL
100 _aClifford D K
_9745049
245 0 _aWinning performance : How America's high growth midsize companies succeed
_cClifford D K; Cavanagh R E
260 _aToronto
_bToronto, Bantam Books
_c1984
300 _a314p
942 _cTB
999 _c1291910
_d1291910